Cuatro redes para mejor-vivir

Saved in:
Bibliografiske detaljer
Hovedforfatter: Villasante, Tomás R (Author)
Format: Bog
Sprog:spansk
Udgivet: Buenos Aires Lumen-Hvmanitas 1998
Serier:Colección Política, Servicios y Trabajo Social
Fag:
Tags: Tilføj Tag
Ingen Tags, Vær først til at tagge denne postø!

MARC

LEADER 00000nam a2200000 a 4500
001 UCO5898
003 CL-VaPUC
008 000915e19980000AG |||||||||||||||||spa|d
082 0 4 |a 302.35  |b VIL  |2 21 
100 0 |a Villasante, Tomás R  |e author  |9 450683 
245 1 0 |a Cuatro redes para mejor-vivir 
300 |a 2 v 
942 |c BK 
945 |d 20000915 00:00:00  |a cmena 
260 |a Buenos Aires  |b Lumen-Hvmanitas  |c 1998 
500 |a v.1: Del desarrollo local a las redes para mejor-vivir 
500 |a v.2: De las redes sociales a las programaciones integrales 
650 0 |a Redes sociales   |9 327959 
650 0 |a Burocracia  |9 255511 
650 0 |a Democracia  |9 255256 
650 0 |a Comunicación social  |9 334226 
650 0 |a Grupos sociales  |9 268887 
583 |a last modification  |c 20000915 00:00:00  |k Rodrigo Vera 
490 0 |a Colección Política, Servicios y Trabajo Social 
999 |c 291718  |d 291716 
952 |0 0  |1 0  |4 0  |6 302_350000000000000_VIL_1998  |7 0  |8 A  |9 341855  |a BIBGIM  |b BIBGIM  |d 2019-11-20  |h v.1  |i 3646114  |o 302.35 VIL 1998  |p 3646114  |r 2025-01-15  |w 2019-11-20  |y BK  |k SSL 
952 |0 0  |1 0  |4 0  |6 302_350000000000000_VIL_1998  |7 0  |8 A  |9 341856  |a BIBGIM  |b BIBGIM  |d 2019-11-20  |h v.2  |i 3646122  |o 302.35 VIL 1998  |p 3646122  |r 2025-01-15  |w 2019-11-20  |y BK  |k SSL